| 000 | 00657nam a2200169 a 4500 | ||
|---|---|---|---|
| 082 | 0 | 0 |
_a624.18341 _bACI _cM-38,P-101 |
| 245 | 0 | 0 |
_aACI design handbook : _bDesign of structural reinforced concrete elements in accordance with ACI 318-09 |
| 260 |
_aUSA: _bAmerican Concrete Institute, _c2009. |
||
| 300 |
_a252p. _bill. ; _c30 cm. |
||
| 490 | 1 | _aPublication SP / ACI ; | |
| 500 | _a"ACI SP-17(09)." | ||
| 500 | _aCover title: Design handbook. | ||
| 526 |
_a0 _b0 _c0 _d624_183410000000000_ACI |
||
| 650 | 0 |
_aReinforced concrete elements _xHandbooks, manuals, etc. _950738 |
|
| 650 | 0 |
_aStructural Reinforced _xHandbooks, manuals, etc. _950739 |
|
| 942 |
_2ddc _cBK |
||
| 999 |
_c553494 _d553494 |
||